000 00768nmm a2200241 a 4500
001 ocm000701976
003 TR-IsHL
005 20201028142701.0
008 140104s2000 tu tur
007 cr cn
035 _a701976
_b(N$T)
050 0 4 _aHD9397
_b.B57[20 2000
090 0 4 _aHD9397
_b.B57[20 2000
245 1 0 _aBira sektör araştırması: 2000
_h[electronic resource]
260 _aİstanbul :
_bİstanbul Ticaret Odası,
_c2000
300 _a30 p.
650 4 _aEkonomi ve Finans
650 4 _aEconomics and Finance
650 0 _aBira sanayi
650 0 _aBeer industry
650 7 _aBUSINESS & ECONOMICS / Industries / General
_2bisacsh
856 4 0 _uhttp://search.ebscohost.com/login.aspx?direct=true&scope=site&db=e011xww&AN=701976
999 _c8488
_d8488